Cheese Or Currency - Statistics

General Stats
  • This quiz has been taken 31 times
  • The average score is 33 of 45
Answer Stats
Question Tile Select % Correct
cheese (5 correct) Gouda Yes
100%
cheese (5 correct) Lira No
97%
cheese (5 correct) Rupee No
97%
cheese (5 correct) Zloty No
97%
cheese (5 correct) Brie Yes
93%
a currency (5 correct) Gouda No
90%
cheese (5 correct) Balenciaga No
87%
a currency (5 correct) Brie No
87%
a currency (5 correct) Pecorino No
87%
cheese (5 correct) Balboa No
83%
a currency (5 correct) Balenciaga No
83%
a currency (5 correct) Mandorla No
83%
a currency (5 correct) Rupee Yes
83%
a currency (5 correct) Tilsiter No
83%
a currency (5 correct) Zloty Yes
83%
neither of the two (5 correct) Balenciaga Yes
80%
cheese (5 correct) Camino No
80%
neither of the two (5 correct) Gouda No
80%
a currency (5 correct) Lira Yes
80%
neither of the two (5 correct) Lira No
80%
cheese (5 correct) Mandorla No
80%
cheese (5 correct) Pecorino Yes
80%
neither of the two (5 correct) Rupee No
80%
neither of the two (5 correct) Brie No
77%
cheese (5 correct) Molucca No
77%
a currency (5 correct) Tomme No
77%
neither of the two (5 correct) Zloty No
77%
cheese (5 correct) Alba No
73%
a currency (5 correct) Alba No
73%
a currency (5 correct) Camino No
73%
a currency (5 correct) Molucca No
73%
cheese (5 correct) Peseta No
73%
neither of the two (5 correct) Pecorino No
70%
neither of the two (5 correct) Peseta No
70%
a currency (5 correct) Peseta Yes
63%
cheese (5 correct) Tilsiter Yes
53%
neither of the two (5 correct) Tilsiter No
50%
neither of the two (5 correct) Tomme No
50%
neither of the two (5 correct) Molucca Yes
47%
neither of the two (5 correct) Balboa No
43%
neither of the two (5 correct) Camino Yes
43%
neither of the two (5 correct) Mandorla Yes
43%
neither of the two (5 correct) Alba Yes
40%
a currency (5 correct) Balboa Yes
30%
cheese (5 correct) Tomme Yes
20%
No matching quizzes found
Score Distribution
Percent of People with Each Score
Percentile by Number Answered
Your Score History
You have not taken this quiz